| 000 | 00000nam##2200000za#4500 |
| 001 | 9.604413 |
| 003 | CaOODSP |
| 005 | 20250403105155 |
| 007 | cr ||||||||||| |
| 008 | 150406|2000||||xxc|||||o f|0| 0 fre|d |
| 022 | |a1205-9161 |
| 040 | |aCaOODSP|bfre |
| 043 | |an-cn--- |
| 086 | 1 |aCS11-0019/152F-PDF |
| 245 | 00|aLes jeunes ruraux : |h[ressource électronique]|brester, quitter, revenir / |cpar Richard Dupuy, Francine Mayer et René Morissette. |
| 260 | |aOttawa - Ontario : |bStatistique Canada |cLe 5 septembre 2000. |
| 300 | |a181p.|bréférences, tableaux |
| 490 | 1 |aDocuments de recherche - Direction des études analytiques|x1205-9161|vN° 152 |
| 500 | |aLe n° de catalogue (11F0019MPF) et l'ISBN (0-660-96398-1) de l'édition imprimée ont été incorrectement copiés dans l'édition électronique. |
| 520 | 3 |aLe présent document a illustré les modèles de migration dans les régions urbaines et rurales pendant les années 90. [...] Comme il n'y a pas de données suffisantes à l'échelle nationale, nous n'avons pas examiné les facteurs qui sous-tendent les modèles de migration et de migration de retour.--Page 30 |
| 590 | |a12-36-Supp|b2012-08-22 |
| 710 | 2 |aStatistique Canada. |
| 720 | 1 |aDupuy, Richard |
| 720 | 1 |aMayer, Francine |
| 720 | 1 |aMorissette, René |
| 775 | 08|tRural youth : |w(CaOODSP)9.574678 |
| 776 | 0#|tLes jeunes ruraux : |w(CaOODSP)9.625410 |
| 830 | #0|aDocuments de recherche (Statistique Canada. Direction des études analytiques)|x1205-9161|vN° 152|w(CaOODSP)9.500842 |
| 856 | 40|ahttp://publications.gc.ca|qPDF|s643 ko|uhttps://publications.gc.ca/collections/Collection/CS11-0019-152F.pdf|yN° 152 |